01378nab a22002297a 4500999001500000003000400015005001700019008004100036040000700077100002700084245011000111260007200221300001300293500005100306505043800357505008900795650003000884650003400914650004300948773014400991942001301135 c6031d6031OSt20260116203856.0190605e xxu||||| |||| 00| 0 spa d cPJ aBruno, Oscar A. 9682913aEl decreto 342/2025 y la intervención estatal (o no) en las asociaciones sindicales /cOscar A. Bruno.  aCiudad Autónoma de Buenos Aires :bThomson Reuters La Ley,c2025. ap. 33-39 aCita Online: Cita: TR LALEY AR/DOC/2093/2025. aSumario: I. Introducción.— II. Los fundamentos expresados en el decreto.— III. Las facultades de la Autoridad de Aplicación.— IV. El art. 1° del dec. 342/25 y las nuevas facultades de la Autoridad de Aplicación.— V. Las diferencias entre ambas normas.— VI. El art. 15 del decreto.— VII. La relación (o la ausencia de ella) entre los fundamentos esgrimidos y las modificaciones realizadas.— VIII. Conclusión.  t¿Te interesa el texto completo? Solicitalo al correo: koha@justierradelfuego.gov.ar 094583aDERECHOS SINDICALES 091367aASOCIACIONES SINDICALES 091462aCONFLICTOS COLECTIVOS DE TRABAJO0 0271193168dCiudad Autónoma de Buenos Aires : Thomson Reuters La Ley, 1999-2002.tRevista de derecho del trabajo. Nº 5 - Septiembre 2025 2udccANA